000 00476cam a22001457a 4500
008 180718b1965 xxu||||| |||| 00| 0 eng d
082 _aDx73 M355e
100 _aMarshall, Charles Burton
245 _aExercise of sovereignty: papers on foreign policy
_cby Charles Burton Marshall
260 _aBaltimore
_bJohns Hopkins
_c1965
300 _a283p.
650 _aUnited States --Foreign relations --20th century
650 _aSovereignty
650 _aWorld politics --1955-1965
999 _c373127
_d373127